000
00274nam a2200109Ia 4500
008
200302s9999 xx 000 0 und d
100
_a
Bangert Verlag
245
_a
International Interiors Design Ausgabe 3
260
_b
Calmann & King Ltd.
260
_c
1993
300
_a
256 P.,
999
_c
889
_d
889